Curso de higiene /
Guardado en:
| Autor Principal: | |
|---|---|
| Formato: | Libro |
| Publicado: |
Buenos Aires :
Kapelusz,
1965
|
| Materias: | |
| Etiquetas: |
Agregar Etiqueta
Sin Etiquetas, Sea el primero en etiquetar este registro!
|
| LEADER | 00644nam a22002175a 4500 | ||
|---|---|---|---|
| 001 | CEM.cems000455 | ||
| 005 | 20060210000000.0 | ||
| 008 | 130507s1965##################000#0#####d | ||
| 003 | CEMS | ||
| 082 | 0 | 4 | |a 613 |
| 100 | 1 | |a Allperin, Jose | |
| 245 | 1 | 0 | |a Curso de higiene / |
| 260 | |a Buenos Aires : |b Kapelusz, |c 1965 | ||
| 300 | |a 251 p. | ||
| 505 | 0 | |a Higiene general.-Epidemolog¡a y profilaxis.-Higiene social.-Puericultura. -Primeros auxilios | |
| 653 | |a Educacion para la salud | ||
| 653 | |a Enfermedades | ||
| 653 | |a Epidemias | ||
| 653 | |a Higiene | ||
| 653 | |a Primeros auxilios | ||
| 859 | |a CEMS |b BIB. CEMS - 11 de abril |h 613 |i AL51 |p 1286.73 |t Ej.1 | ||
